[Event "Convite"]
[Site "http://www.queenalice.com/game.php?id=267255"]
[Date "2007.9.5"]
[Round "-"]
[White "LeandroB"]
[Black "joecolombo"]
[Result "1-0"]
[WhiteElo "1487"]
[BlackElo "1522"]

1. d4 Nc6 2. c4 d6 3. e4 e5 4. d5 Nd4 5. Be3 Qh4 6. Nc3 Bg4 7. Qd2 Nf6 8. Bxd4
exd4 9. Qxd4 Bd7 10. Nf3 Qh5 11. O-O-O Ng4 12. h3 Nxf2 13. Qxf2 Qh6+ 14. Kb1 b6
15. e5 Bf5+ 16. Ka1 dxe5 17. Re1 Qf4 18. g3 Qh6 19. Nxe5 O-O-O 20. Qxf5+ Kb8 21.
Nc6+ Ka8 22. Nxd8 a5 23. Qc8+ Ka7 24. Qb7# 1-0

[Event "Challenge"]
[Site "http://www.queenalice.com/game.php?id=268020"]
[Date "2007.9.7"]
[Round "-"]
[White "krobelus"]
[Black "LeandroB"]
[Result "0-1"]
[WhiteElo "1249"]
[BlackElo "1404"]

1. e4 c5 2. Nc3 e6 3. Bc4 Nf6 4. d3 d5 5. Nf3 dxc4 6. dxc4 Qxd1+ 7. Nxd1 Nxe4 8.
O-O Nc6 9. Ne3 Nd4 10. Nxd4 cxd4 11. Ng4 Bc5 12. Bf4 f6 13. Rfe1 Nd6 14. Rad1 h5
15. Ne3 dxe3 16. fxe3 Nf5 17. Kh1 e5 18. e4 exf4 19. exf5+ Kf7 20. Rd5 b6 21. c3
Re8 22. Red1 Bb7 23. Rd7+ Re7 0-1

[Event "AUTO-OPEN-821"]
[Site "http://www.queenalice.com/game.php?id=268308"]
[Date "2007.9.7"]
[Round "1"]
[White "eliskases"]
[Black "LeandroB"]
[Result "0-1"]
[WhiteElo "1810"]
[BlackElo "1623"]

1. d4 Nf6 2. c4 g6 3. Nc3 Bg7 4. e4 d6 5. Nf3 O-O 6. Be2 c5 7. O-O cxd4 8. Nxd4
a6 9. Be3 Nc6 10. f3 Qc7 11. Rc1 Be6 12. Nxe6 fxe6 13. Qd2 Ne5 14. b3 Ned7 15.
Rfd1 Nb6 16. Bf1 Nfd7 17. Rc2 Rf7 18. c5 dxc5 19. Na4 Rc8 20. Nxb6 Nxb6 21. Rdc1
Nd7 22. Qf2 Qa5 23. a4 Rff8 24. Bxc5 Nxc5 25. Rxc5 Rxc5 26. Rxc5 Qb6 27. Bc4 Rd8
28. g3 Bd4 0-1

[Event "AUTO-OPEN-821"]
[Site "http://www.queenalice.com/game.php?id=268309"]
[Date "2007.9.7"]
[Round "1"]
[White "LeandroB"]
[Black "eliskases"]
[Result "1-0"]
[WhiteElo "1541"]
[BlackElo "1874"]

1. d4 Nf6 2. c4 e5 3. dxe5 Ng4 4. Nf3 Bc5 5. e3 Nc6 6. Be2 Ngxe5 7. O-O O-O 8.
b3 d6 9. Nbd2 Bf5 10. a3 a5 11. Bb2 f6 12. Nd4 Bd7 13. N2f3 Qe7 14. Qc2 Rae8 15.
Nb5 Ng6 16. Nxc7 Rc8 17. Nd5 Qf7 18. Bd3 Nce5 19. Nxe5 fxe5 20. b4 axb4 21. axb4
1-0

[Event "AUTO-OPEN-821"]
[Site "http://www.queenalice.com/game.php?id=268344"]
[Date "2007.9.7"]
[Round "1"]
[White "LeandroB"]
[Black "cameleon"]
[Result "0-1"]
[WhiteElo "1623"]
[BlackElo "2085"]

1. d4 Nf6 2. c4 e6 3. Nc3 Bb4 4. a3 Bxc3+ 5. bxc3 O-O 6. Bg5 h6 7. Bxf6 Qxf6 8.
Nf3 Nc6 9. e4 d6 10. Be2 Qg6 11. O-O Qxe4 12. Rb1 Qf4 13. Re1 e5 14. Bd3 Rb8 15.
Re4 Qf6 16. Qd2 Bf5 17. Ree1 Rfe8 18. Bxf5 Qxf5 19. Qb2 Qd3 20. c5 exd4 21. cxd4
dxc5 22. dxc5 b6 23. cxb6 axb6 24. Rbc1 Rxe1+ 25. Nxe1 Qd6 26. Qc3 Re8 27. Nf3
Ne5 28. Nxe5 Rxe5 29. g3 Rc5 30. Qe3 Rxc1+ 31. Qxc1 c5 32. Qc4 g6 33. h4 Kg7 34.
a4 Kf6 0-1

[Event "AUTO-OPEN-821"]
[Site "http://www.queenalice.com/game.php?id=268345"]
[Date "2007.9.7"]
[Round "1"]
[White "cameleon"]
[Black "LeandroB"]
[Result "0-1"]
[WhiteElo "2098"]
[BlackElo "1687"]

1. d4 Nf6 2. c4 g6 3. Nc3 Bg7 4. e4 d6 5. Nf3 O-O 6. Be2 c5 7. d5 e6 8. dxe6
Bxe6 9. Ng5 h6 10. Nxe6 fxe6 11. Bd3 Nc6 12. f4 Qa5 13. O-O Nd4 14. e5 dxe5 15.
Bxg6 Qb6 16. b3 Nd7 17. Be4 Qc7 18. g3 Rad8 19. fxe5 Nxe5 20. Rxf8+ Rxf8 21. Bf4
Qf7 22. Rc1 b6 23. Kh1 Ng6 24. Be3 Nf5 25. Bg1 Ne5 26. Nb5 Qe7 27. Qe2 a6 28.
Nc3 Nd4 29. Qh5 Qg5 30. Qxg5 hxg5 31. Rd1 Ndf3 32. Bxf3 Nxf3 33. Ne4 Rf5 34. Kg2
Nxg1 35. Rxg1 Bd4 36. Rf1 Rxf1 37. Kxf1 g4 38. Ng5 e5 39. Ne6 b5 40. cxb5 axb5
41. b4 c4 42. Nc7 Bc3 43. Nxb5 Bxb4 44. Ke2 Kf7 45. Nc7 Bd6 46. Nd5 Bc5 47. Ne3
Bxe3 48. Kxe3 Ke6 0-1

[Event "AUTO-OPEN-821"]
[Site "http://www.queenalice.com/game.php?id=268377"]
[Date "2007.9.7"]
[Round "1"]
[White "LeandroB"]
[Black "gutoamora"]
[Result "1-0"]
[WhiteElo "1100"]
[BlackElo "1226"]

1. d4 f6 2. e4 e5 3. dxe5 fxe5 4. Qh5+ g6 5. Qxe5+ Qe7 6. Qxh8 Qg7 7. Qxg7 Bxg7
8. Nf3 Nf6 9. Bd3 Nc6 10. O-O d6 11. Re1 Nb4 12. e5 dxe5 13. Nxe5 Bf5 14. Nc6+
Kd7 15. Nxb4 Re8 16. Bxf5+ 1-0

[Event "AUTO-OPEN-821"]
[Site "http://www.queenalice.com/game.php?id=268396"]
[Date "2007.9.7"]
[Round "1"]
[White "yugioh1"]
[Black "LeandroB"]
[Result "0-1"]
[WhiteElo "1456"]
[BlackElo "1697"]

1. Nf3 d5 2. e3 c5 3. Bb5+ Nc6 4. Bxc6+ bxc6 5. Ne5 Qc7 6. Nd3 e5 7. O-O Bd6 8.
Qh5 Nf6 9. Qg5 O-O 10. f4 h6 11. Qg3 Ne4 12. Qf3 Ba6 13. Qh3 exf4 14. g3 fxg3
15. hxg3 Bxg3 16. Rf3 Bd6 17. Qh4 Rae8 18. Na3 Re6 19. b3 Rfe8 20. Qh5 c4 21.
bxc4 Bxa3 22. Bxa3 Rg6+ 23. Kf1 Nxd2+ 24. Ke2 Nxf3 25. Qxf3 dxc4 26. Nc5 Qh2+
27. Qf2 Rg2 28. Qxg2 Qxg2+ 29. Kd1 c3 30. Nxa6 Qd2# 0-1

[Event "AUTO-OPEN-821"]
[Site "http://www.queenalice.com/game.php?id=268397"]
[Date "2007.9.7"]
[Round "1"]
[White "LeandroB"]
[Black "yugioh1"]
[Result "1-0"]
[WhiteElo "1687"]
[BlackElo "1461"]

1. d4 Nc6 2. e4 d6 3. Nf3 Bg4 4. Be2 Bxf3 5. Bxf3 Qd7 6. Be3 Nb4 7. c3 Na6 8.
O-O O-O-O 9. Qb3 Qe6 10. d5 Qd7 11. c4 e6 12. Qc3 exd5 13. exd5 Be7 14. Qa3 Nf6
15. Bxa7 Qf5 16. b4 Qe5 17. Nc3 Rhe8 18. b5 Nc5 19. Bxc5 dxc5 20. Rfe1 Qf5 21.
Qa8+ Kd7 22. Qxb7 Rc8 23. b6 Kd6 24. Qc6# 1-0

[Event "AUTO-OPEN-821"]
[Site "http://www.queenalice.com/game.php?id=268406"]
[Date "2007.9.7"]
[Round "1"]
[White "juninhopraia"]
[Black "LeandroB"]
[Result "0-1"]
[WhiteElo "1256"]
[BlackElo "1672"]

1. e4 c5 2. Qh5 d6 3. d3 Nf6 4. Qf3 g6 5. c3 Bg7 6. Nd2 Nc6 7. Nc4 O-O 8. Nh3 e6
9. Bg5 e5 10. d4 cxd4 0-1

[Event "AUTO-OPEN-821"]
[Site "http://www.queenalice.com/game.php?id=268407"]
[Date "2007.9.7"]
[Round "1"]
[White "LeandroB"]
[Black "juninhopraia"]
[Result "1-0"]
[WhiteElo "1672"]
[BlackElo "1256"]

1. d4 Nc6 2. e4 h5 3. c4 Nxd4 4. Qxd4 c6 5. f4 Qa5+ 6. Bd2 Qa6 7. Nf3 Nf6 8. Bd3
Ng4 9. h3 Nf6 10. c5 b5 11. b4 d6 12. e5 1-0

[Event "Challenge"]
[Site "http://www.queenalice.com/game.php?id=275078"]
[Date "2007.9.21"]
[Round "-"]
[White "joecolombo"]
[Black "LeandroB"]
[Result "0-1"]
[WhiteElo "1519"]
[BlackElo "1672"]

1. e4 c5 2. Nc3 e6 3. Bc4 Nc6 4. Nf3 Nf6 5. d3 d5 6. Bb5 d4 7. Na4 Qa5+ 8. Qd2
Qxb5 9. b3 h6 10. O-O Bd6 11. c3 e5 12. c4 Qa6 13. a3 Bg4 14. Nh4 Ne7 15. Qc2 g5
16. Nf3 Bxf3 17. gxf3 Ng6 18. b4 b6 19. Rb1 Nh4 20. b5 Qc8 21. Qe2 Qh3 22. f4
Qg2# 0-1

[Event "AUTO-OPEN-821"]
[Site "http://www.queenalice.com/game.php?id=280637"]
[Date "2007.10.3"]
[Round "2"]
[White "cameleon"]
[Black "LeandroB"]
[Result "1-0"]
[WhiteElo "2099"]
[BlackElo "1672"]

1. e4 c5 2. Nf3 d6 3. d4 cxd4 4. Nxd4 Nf6 5. Nc3 g6 6. Be3 Bg7 7. Qd2 Nc6 8. f3
O-O 9. O-O-O a6 10. h4 Qc7 11. g4 Ne5 12. h5 Nc4 13. Bxc4 Qxc4 14. h6 Bh8 15. g5
Nh5 16. Nd5 Re8 17. b3 Qc5 18. Kb1 1-0

[Event "AUTO-OPEN-821"]
[Site "http://www.queenalice.com/game.php?id=280638"]
[Date "2007.10.3"]
[Round "2"]
[White "LeandroB"]
[Black "cameleon"]
[Result "0-1"]
[WhiteElo "1623"]
[BlackElo "2097"]

1. d4 Nf6 2. c4 e6 3. Nc3 Bb4 4. a3 Bxc3+ 5. bxc3 O-O 6. Qc2 d5 7. cxd5 exd5 8.
Bg5 h6 9. Bh4 Nc6 10. Nf3 Qd6 11. e3 Ne4 12. Bd3 Re8 13. Nd2 Bf5 14. c4 Nxd4 0-1

[Event "AUTO-OPEN-821"]
[Site "http://www.queenalice.com/game.php?id=280641"]
[Date "2007.10.3"]
[Round "2"]
[White "Hernani"]
[Black "LeandroB"]
[Result "1-0"]
[WhiteElo "2103"]
[BlackElo "1705"]

1. e4 c5 2. Nf3 d6 3. d4 cxd4 4. Nxd4 Nf6 5. Nc3 g6 6. Bc4 Bg7 7. O-O Nc6 8. Be3
O-O 9. Nxc6 bxc6 10. f4 Ng4 11. Qd2 Nxe3 12. Qxe3 Qb6 13. Qxb6 axb6 14. a4 Bxc3
15. bxc3 Be6 16. Be2 Ra5 17. Rfb1 Rb8 18. Rb4 f5 19. exf5 Bxf5 20. Bc4+ Kg7 21.
Bd3 c5 22. Rb2 Kf6 23. Bb5 e5 24. fxe5+ dxe5 25. Rd1 h5 26. Kf2 h4 27. Bc6 g5
28. Rd6+ Kf7 29. Ke3 1-0

[Event "AUTO-OPEN-821"]
[Site "http://www.queenalice.com/game.php?id=280642"]
[Date "2007.10.3"]
[Round "2"]
[White "LeandroB"]
[Black "Hernani"]
[Result "0-1"]
[WhiteElo "1705"]
[BlackElo "2102"]

1. d4 Nf6 2. c4 e6 3. Nc3 Bb4 4. a3 Bxc3+ 5. bxc3 c5 6. Nf3 Nc6 7. d5 Na5 8. Qd3
Nb3 9. Rb1 Nxc1 10. Rxc1 Qa5 11. Ra1 exd5 12. Nd2 O-O 13. cxd5 b5 14. e4 Re8 15.
f3 d6 16. Be2 Bd7 17. O-O Qb6 18. c4 a5 19. Qe3 b4 20. axb4 axb4 21. f4 Ra6 22.
Rxa6 Qxa6 23. Bf3 Bg4 24. Bxg4 Nxg4 25. Qe2 f5 26. Re1 Qa3 27. h3 Nf6 28. e5 Qc3
29. Qf2 dxe5 0-1